<?xml version="1.0" encoding="UTF-8"?>
<record
    xmlns:xsi="http://www.w3.org/2001/XMLSchema-instance"
    xsi:schemaLocation="http://www.loc.gov/MARC21/slim http://www.loc.gov/standards/marcxml/schema/MARC21slim.xsd"
    xmlns="http://www.loc.gov/MARC21/slim">

  <leader>04994nam a2200469 a 4500</leader>
  <controlfield tag="003">CHAP</controlfield>
  <controlfield tag="005">20260210100311.0</controlfield>
  <controlfield tag="007">ta</controlfield>
  <controlfield tag="008">240418s2024    mx abdofom||| 001 0 spa d</controlfield>
  <datafield tag="040" ind1=" " ind2=" ">
    <subfield code="e">rda</subfield>
  </datafield>
  <datafield tag="041" ind1=" " ind2=" ">
    <subfield code="a">spa</subfield>
    <subfield code="b">eng</subfield>
  </datafield>
  <datafield tag="100" ind1="1" ind2=" ">
    <subfield code="9">188957</subfield>
    <subfield code="a">Garc&#xED;a Nazario, Guadalupe Jazm&#xED;n</subfield>
  </datafield>
  <datafield tag="245" ind1="1" ind2="0">
    <subfield code="a">Evaluaci&#xF3;n del sistema interno de control (SIC) de la empresa Apicultores Unidos de la Pen&#xED;nsula S.A. de C.V. en los Estados de Yucat&#xE1;n y Quintana Roo /</subfield>
    <subfield code="c">Guadalupe Jazm&#xED;n Garc&#xED;a Nazario</subfield>
  </datafield>
  <datafield tag="264" ind1=" " ind2="1">
    <subfield code="a">Chapingo, M&#xE9;xico :</subfield>
    <subfield code="b">El autor,</subfield>
    <subfield code="c">2024</subfield>
  </datafield>
  <datafield tag="300" ind1=" " ind2=" ">
    <subfield code="a">1 recurso en l&#xED;nea (v, 79 p&#xE1;ginas) :</subfield>
    <subfield code="b">ilustraciones, mapas, gr&#xE1;ficas, diagramas, tablas, fotos</subfield>
  </datafield>
  <datafield tag="336" ind1=" " ind2=" ">
    <subfield code="2">rdacontent</subfield>
    <subfield code="a">texto</subfield>
    <subfield code="b">txt</subfield>
  </datafield>
  <datafield tag="337" ind1=" " ind2=" ">
    <subfield code="2">rdamedia</subfield>
    <subfield code="a">computadora</subfield>
    <subfield code="b">c</subfield>
  </datafield>
  <datafield tag="338" ind1=" " ind2=" ">
    <subfield code="2">rdacarrier</subfield>
    <subfield code="a">recurso en l&#xED;nea</subfield>
    <subfield code="b">cr</subfield>
  </datafield>
  <datafield tag="502" ind1=" " ind2=" ">
    <subfield code="a">Memoria de Experiencia Profesional</subfield>
    <subfield code="b">IA</subfield>
    <subfield code="c">Agroindustrias</subfield>
    <subfield code="d">2024.</subfield>
    <subfield code="g">LIC</subfield>
  </datafield>
  <datafield tag="504" ind1=" " ind2=" ">
    <subfield code="a">Bibliograf&#xED;a: p&#xE1;ginas 78-79.</subfield>
  </datafield>
  <datafield tag="520" ind1="3" ind2=" ">
    <subfield code="a">Actualmente en M&#xE9;xico y en el mundo los alimentos producidos org&#xE1;nicamente han tomado gran relevancia por la manera en la que estos se producen. El mercado europeo que es uno de los principales consumidores de miel en el mundo, en los &#xFA;ltimos a&#xF1;os se ha interesado por la miel producida de manera org&#xE1;nica, por lo que se ha visto un incremento en la demanda.  Por lo anterior, se detect&#xF3; la necesidad de apicultores establecidos en los estados de Yucat&#xE1;n y Quintana Roo de certificar su producto como org&#xE1;nico, siendo la miel obtenida en esta regi&#xF3;n muy valorada en el mercado internacional por sus caracter&#xED;sticas organol&#xE9;pticas, por lo que el presente trabajo tiene la intenci&#xF3;n de evaluar y dar seguimiento al Sistema Interno de Control que se implement&#xF3; desde el a&#xF1;o 2018 para la obtenci&#xF3;n y mantenimiento de un certificado org&#xE1;nico en producci&#xF3;n de miel. Desde la implementaci&#xF3;n del Sistema Interno de Control en la empresa Apicultores Unidos de la Pen&#xED;nsula S.A. de C.V., se han logrado certificar a 7 grupos org&#xE1;nicos de los estados de Yucat&#xE1;n y Quintana Roo; es decir; desde el 2018 y hasta la fecha se han certificado a 290 apicultores en producci&#xF3;n de miel org&#xE1;nica, logrando mantener en el proyecto a 209 apicultores, esto a trav&#xE9;s de un Sistema Interno de Control que es un sistema documentado que asegura la trazabilidad de la materia prima, adem&#xE1;s de detectar las necesidades del apicultor para brindar acompa&#xF1;amiento y una capacitaci&#xF3;n continua.  </subfield>
  </datafield>
  <datafield tag="520" ind1="3" ind2=" ">
    <subfield code="a">Currently, in Mexico and in the world, organically produced foods have gained great relevance due to the way in which they are produced. The European market, which is one of the main consumers of honey in the world, in recent years has been interested in organically produced honey, which is why there has been an increase in the demand for organic honey.  Due to the above, the need for beekeepers established in the states of Yucat&#xE1;n and Quintana Roo to certify their product as organic was detected, with the honey obtained in this region being highly valued in the international market for its organoleptic characteristics, so the present work It intends to evaluate and monitor the Internal Control System that was implemented since 2018 to obtain and maintain an organic certificate in honey production. Since the implementation of the Internal Control System in the company Apicultores Unidos de la Pen&#xED;nsula S.A. de C.V., 7 organic groups from the states of Yucat&#xE1;n and Quintana Roo have been certified; that is to say; Since 2018 and to date, 290 beekeepers have been certified in organic honey production, managing to keep 209 beekeepers in the project, this through an Internal Control System, which is a documented system that ensures the traceability of the raw material. , in addition to detecting the needs of the beekeeper to provide support and continuous training. </subfield>
  </datafield>
  <datafield tag="650" ind1="1" ind2="3">
    <subfield code="9">140677</subfield>
    <subfield code="a">Miel</subfield>
    <subfield code="x">Certificaci&#xF3;n org&#xE1;nica</subfield>
    <subfield code="2">atg</subfield>
  </datafield>
  <datafield tag="650" ind1="1" ind2="3">
    <subfield code="9">140677</subfield>
    <subfield code="a">Miel</subfield>
    <subfield code="x">Producci&#xF3;n org&#xE1;nica</subfield>
    <subfield code="2">atg</subfield>
  </datafield>
  <datafield tag="650" ind1="1" ind2="0">
    <subfield code="a">Miel</subfield>
    <subfield code="x">Calidad del producto</subfield>
    <subfield code="z">M&#xE9;xico</subfield>
    <subfield code="z">Yucat&#xE1;n  </subfield>
    <subfield code="9">148357</subfield>
  </datafield>
  <datafield tag="650" ind1="1" ind2="3">
    <subfield code="9">140677</subfield>
    <subfield code="a">Miel</subfield>
    <subfield code="x">Control de calidad</subfield>
    <subfield code="z">M&#xE9;xico</subfield>
    <subfield code="z">Quintana Roo</subfield>
    <subfield code="2">atg</subfield>
  </datafield>
  <datafield tag="650" ind1="1" ind2="3">
    <subfield code="9">189160</subfield>
    <subfield code="a">Alimentos ecol&#xF3;gicos</subfield>
    <subfield code="2">atg</subfield>
  </datafield>
  <datafield tag="650" ind1="1" ind2="3">
    <subfield code="9">189158</subfield>
    <subfield code="a">Apicultores</subfield>
    <subfield code="2">atg</subfield>
  </datafield>
  <datafield tag="650" ind1="1" ind2="3">
    <subfield code="9">6246</subfield>
    <subfield code="a">Apicultura</subfield>
    <subfield code="x">Aspectos econ&#xF3;micos</subfield>
    <subfield code="2">atg</subfield>
  </datafield>
  <datafield tag="650" ind1="1" ind2="3">
    <subfield code="9">158819</subfield>
    <subfield code="a">Honey</subfield>
    <subfield code="x">Organic certification</subfield>
    <subfield code="2">atg</subfield>
  </datafield>
  <datafield tag="650" ind1="1" ind2="3">
    <subfield code="9">158819</subfield>
    <subfield code="a">Honey</subfield>
    <subfield code="x">Organic production</subfield>
    <subfield code="2">atg</subfield>
  </datafield>
  <datafield tag="650" ind1="1" ind2="3">
    <subfield code="9">158819</subfield>
    <subfield code="a">Honey</subfield>
    <subfield code="x">Quality control</subfield>
    <subfield code="z">Mexico</subfield>
    <subfield code="z">Yucat&#xE1;n</subfield>
    <subfield code="2">atg</subfield>
  </datafield>
  <datafield tag="650" ind1="1" ind2="3">
    <subfield code="9">158819</subfield>
    <subfield code="a">Honey</subfield>
    <subfield code="x">Quality control</subfield>
    <subfield code="z">Mexico</subfield>
    <subfield code="z">Quintana Roo</subfield>
    <subfield code="2">atg</subfield>
  </datafield>
  <datafield tag="650" ind1="1" ind2="3">
    <subfield code="9">189161</subfield>
    <subfield code="a">Organic foods</subfield>
    <subfield code="2">atg</subfield>
  </datafield>
  <datafield tag="650" ind1="1" ind2="3">
    <subfield code="a">Apiculture</subfield>
    <subfield code="z">Mexico</subfield>
    <subfield code="z">Yucat&#xE1;n  </subfield>
    <subfield code="9">150671</subfield>
    <subfield code="2">atg</subfield>
  </datafield>
  <datafield tag="650" ind1="1" ind2="3">
    <subfield code="9">189159</subfield>
    <subfield code="a">Beekeepers</subfield>
    <subfield code="2">atg</subfield>
  </datafield>
  <datafield tag="700" ind1="1" ind2=" ">
    <subfield code="9">151219</subfield>
    <subfield code="a">Espejel Zaragoza, Jos&#xE9; Alfredo</subfield>
    <subfield code="e">director</subfield>
  </datafield>
  <datafield tag="700" ind1="1" ind2=" ">
    <subfield code="9">147446</subfield>
    <subfield code="a">Espejel Garc&#xED;a, Anastacio</subfield>
    <subfield code="e">asesor</subfield>
  </datafield>
  <datafield tag="700" ind1="1" ind2=" ">
    <subfield code="9">150304</subfield>
    <subfield code="a">Ram&#xED;rez Sep&#xFA;lveda, Marco Favio</subfield>
    <subfield code="e">asesor</subfield>
  </datafield>
  <datafield tag="856" ind1="4" ind2="0">
    <subfield code="u">http://10.13.5.2/tesis/tl/1112133-4_GARCIA_NAZARIO_GUADALUPEJAZMIN.pdf</subfield>
    <subfield code="z">DESCARGAR PDF</subfield>
  </datafield>
  <datafield tag="942" ind1=" " ind2=" ">
    <subfield code="2">Clasificaci&#xF3;n Universidad Aut&#xF3;noma Chapingo</subfield>
    <subfield code="c">TD</subfield>
  </datafield>
  <datafield tag="999" ind1=" " ind2=" ">
    <subfield code="c">219859</subfield>
    <subfield code="d">219859</subfield>
  </datafield>
  <datafield tag="952" ind1=" " ind2=" ">
    <subfield code="0">0</subfield>
    <subfield code="1">0</subfield>
    <subfield code="2">local</subfield>
    <subfield code="4">0</subfield>
    <subfield code="7">0</subfield>
    <subfield code="8">TesDigL</subfield>
    <subfield code="a">IA_</subfield>
    <subfield code="b">IA_</subfield>
    <subfield code="c">E_L</subfield>
    <subfield code="d">2024-06-04</subfield>
    <subfield code="e">El autor</subfield>
    <subfield code="l">0</subfield>
    <subfield code="p">1201013847</subfield>
    <subfield code="r">2024-06-04 00:00:00</subfield>
    <subfield code="w">2024-06-04</subfield>
    <subfield code="y">TD</subfield>
  </datafield>
</record>
